| 000 | 02222cam a22005294i 4500 | ||
|---|---|---|---|
| 003 | PE-LiUPU | ||
| 005 | 20250731180135.0 | ||
| 008 | 150625s r 000 0 d | ||
| 020 | _a9561406314 | ||
| 035 | _a(Sirsi) i9789561406315 | ||
| 040 |
_aPE-LiUPU _bspa _cPE-LiUPU _erda |
||
| 049 | _aPRUA | ||
| 082 | 0 | 4 |
_a577.27 _bV39 _221 |
| 100 | 1 |
_aVega de Kuyper, Juan Carlos, _eautor. |
|
| 245 | 1 | 0 |
_aQuímica del medio ambiente y de los recursos naturales / _cJuan Carlos Vega de Kuyper. |
| 264 | 1 |
_aSantiago de Chile : _bEds. Universidad Católica de Chile, _c2002 . |
|
| 300 |
_a405 páginas : _bilustraciones, tablas, gráfs ; _c25 centímetros |
||
| 336 |
_atext _2rdacontent |
||
| 337 |
_aunmediated _2rdamedia |
||
| 338 |
_avolume _2rdacarrier |
||
| 504 | _aBibliografía: p. 383-389. . | ||
| 505 | 0 | _aQuímica acuática I. Propiedades del agua. -Química acuática II. Tratamiento del agua. -Química atmosférica I. Características de las atmósfera. -Química atmosférica II. Contaminación atmosférica y su control. -Química del suelo. -Compuestos agroquímicos. -Residuos sólidos. -Producción más limpia. -Recursos naturales. -Recursos pesqueros. -Recursos forestales. -Recursos minerales. -Recursos hidrocarbúricos. | |
| 526 | _aSEG44 | ||
| 526 | _aSEG26 | ||
| 526 | _aP159 | ||
| 526 | _aP155 | ||
| 526 | _aP154 | ||
| 526 | _aP153 | ||
| 526 | _aP150 | ||
| 526 | _aP100 | ||
| 526 | _aP31 | ||
| 526 | _aP30 | ||
| 526 | _aP26 | ||
| 526 | _aP25 | ||
| 526 | _aP24 | ||
| 526 | _aP22 | ||
| 526 | _aP15 | ||
| 526 | _aP10 | ||
| 541 | _g001-027589; | ||
| 650 | 0 | 4 | _aAnálisis del impacto ambiental. |
| 650 | 0 | 4 |
_aQuímica ambiental. _91953 |
| 942 |
_2ddc _cBOOK |
||
| 949 |
_a577.27 V39 _wDEWEY _c1 _i57877 _d2015-11-15 _e2015-11-12 _lCCODEBUL1 _mBUL _n2 _p32.00 _r0 _sY _tBOOK _u2015-6-25 _xINGENIERIA _PP24 _0COMPRA _o.STAFF. Colección General |
||
| 994 |
_aC0 _bPEPRU |
||
| 596 | _a1 | ||
| 999 |
_a577.27 V39 _wDEWEY _c46865 _i57877 _d46865 _e2015-11-12 _f2021-11-9 _g7 _lCCODEBUL1 _mBUL _n2 _p32.00 _r0 _sY _tBOOK _u2015-6-25 _xINGENIERIA _PP24 _0COMPRA _o.STAFF. Colección General |
||
| 980 |
_81 _gALBERTO SANCHEZ Responsable de Automatización |
||